Les insectes de A à Z - Statistiques

Statistiques générales
  • Ce quiz a été pris 463 fois
  • Le résultat moyen est 13 sur 26
Statistiques - réponses
Initiale Hint Réponse % Correct
B Synonyme de cafard, en Amérique du Sud elles peuvent être TRES grosses Blatte
91%
A Paire d'appendices présents sur la tête des insectes Antennes
90%
G Perturbe nos repas estivaux en plein air Guêpe
87%
L Forme juvénile d'un insecte Larve
84%
S Nombre de pattes des insectes Six
82%
P Insecte dépourvu d'ailes mais qui aime les cheveux Pou
81%
Q Nombre d'ailes généralement possédées par les insectes, sauf exceptions Quatre
79%
F R. Desnos en a décrit une de 18 mètres ! Moi je n'en connais que des noires et des rouges Fourmi
71%
C Ordre d'insectes ayant l'air d'avoir une carapace très rigide (scarabées, lucanes, etc.) Coléoptère
60%
H Gros insecte au vol maladroit et qui produit des "vers blancs" Hanneton
51%
J Prénom du criquet de Pinocchio Jiminy
49%
O Type de reproduction des insectes Ovipare
49%
N Stade de développement des insectes, parfois appelé chrysalide, intermédiaire entre le L et le I Nymphe
46%
T Partie médiane d'un insecte Thorax
44%
Y Chez les insectes, ces organes sont dits composés Yeux
43%
E Aile très rigide et inapte au vol, notamment chez les insectes du C Elytre
39%
X Qualifie un insectes friand du bois Xylophage
37%
D Ordre d'insectes comportant notamment les mouches Diptère
35%
V Insecte qu'on voit bien la nuit Ver luisant
32%
K Auteur d'une nouvelle dans laquelle un jeune homme se trouve transformé en un monstrueux insecte Franz Kafka
30%
I Forme définitive, adulte d'un insecte Imago
25%
W Romancier français auteur d'une trilogie sur les F Bernard Werber
24%
M Papillon emblématique de la Guyane (photo) Morpho
17%
U Papillon très coloré, dont le nom rappelle celui d'une planète lointaine Uranie
12%
R Auteur de l'interlude musical "le Vol du bourdon" Nikolaï Rimski-Korsakov
6%
Z Verbe parfois utilisé pour désigner le bourdonnement des moustiques Zinzinuler
2%
Aucun quiz correspondant
Distribution des résultats
% des personnes avec chaque résultat
Percentile par nombre de réponses
Votre historique - résultats
Vous n’avez pas pris ce quiz